Ricostruisci la Carriera del Calciatore - Adel Taarabt - Statistics

Statistiche generali
  • Questo quiz è stato fatto 10 volte
  • Il punteggio medio è 3 su 11
Statistiche sulle risposte
Hint Risposta % Corretto
2009-2013 QPR
67%
2014 Milan
56%
2022- Al-Nasr
33%
2019-2022 Benfica
33%
2018-2019 Benfica B
33%
2017-2018 Genoa
33%
2014-2015 QPR
11%
2015-2017 Benfica
0%
2013-2014 Fulham
0%
2006-2007 Lens
0%
2007-2009 Tottenham
0%
Nessun quiz corrispondente trovato
Distribuzione punteggi
Percentuale di utenti per punteggio
Percentile per numero di risposta
I tuoi punteggi nel tempo
Non hai fatto questo quiz